[Event "Benasque op 38th"]
[Site "Benasque"]
[Date "2018.07.05"]
[Round "1"]
[White "Prohaszka, Peter"]
[Black "Panades Catarineu, Oriol"]
[Result "1-0"]
[WhiteElo "2610"]
[BlackElo "1983"]
[PlyCount "67"]
[EventDate "2018.07.05"]
[EventType "swiss"]
[EventRounds "10"]
[EventCountry "ESP"]
[SourceTitle "CBM 185 Extra"]
[Source "ChessBase"]
[SourceDate "2018.07.29"]
[SourceVersion "1"]
[SourceVersionDate "2018.07.29"]
[SourceQuality "1"]

1. d4 Nf6 2. c4 c5 3. d5 b5 4. cxb5 a6 5. bxa6 Bxa6 6. Nc3 g6 7. e4 Bxf1 8. Kxf1 d6 9. g3 Bg7 10. Kg2 0-0 11. Nf3 Qa5 12. h3 Nfd7 13. Bd2 Na6 14. a4 Nb4 15. b3 Rfb8 16. Rb1 Qb6 17. Nb5 Na6 18. h4 Nf6 19. Qe2 Nc7 20. Na3 Qa6 21. Nc4 Nd7 22. h5 Nb6 23. hxg6 hxg6 24. a5 Nd7 25. Bh6 Bf6 26. Qe3 Nb5 27. Bg5 Kf8 28. Rh7 Ke8 29. e5 Nxe5 30. Bxf6 exf6 31. Nfxe5 fxe5 32. Nxe5 dxe5 33. Qxe5+ Kd8 34. Rxf7 1-0

[Event "Barcelona Tres Peons-H 45th"]
[Site "Barcelona"]
[Date "2016.05.27"]
[Round "7.1"]
[White "Molano Lafuente, Ismael"]
[Black "Panades Catarineu, Oriol"]
[Result "1/2-1/2"]
[WhiteElo "2037"]
[BlackElo "1900"]
[PlyCount "71"]
[EventDate "2016.04.15"]
[EventType "swiss"]
[EventRounds "9"]
[EventCountry "ESP"]
[SourceTitle "EXT 2024"]
[Source "ChessBase"]
[SourceDate "2023.10.10"]
[SourceVersion "1"]
[SourceVersionDate "2023.10.10"]
[SourceQuality "1"]

1. c4 c5 2. b3 Nc6 3. g3 e5 4. Bg2 f5 5. Bb2 d6 6. e4 fxe4 7. Nc3 Nf6 8. Nxe4 Be7 9. Ne2 Bf5 10. N2c3 0-0 11. 0-0 Qd7 12. Nxf6+ Bxf6 13. Bd5+ Kh8 14. Ne4 Nb4 15. f3 Bh3 16. Re1 Nd3 17. Re3 Nxb2 18. Qc2 Nxc4 19. bxc4 Bf5 20. Rb1 Rab8 21. a4 Bd8 22. d3 Ba5 23. Rf1 a6 24. Rb1 Bb4 25. Rf1 Be6 26. Ng5 Bh3 27. Rf2 h6 28. Nxh3 Qxh3 29. Re4 Qd7 30. f4 exf4 31. Rexf4 Rxf4 32. Rxf4 Qe7 33. Rf7 Qe1+ 34. Kg2 Qd2+ 35. Qxd2 Bxd2 36. Rxb7 1/2-1/2

[Event "ESP-ch U16"]
[Site "Salobrena"]
[Date "2015.07.24"]
[Round "7"]
[White "Martinez Pla, Xavier"]
[Black "Panades Catarineu, Oriol"]
[Result "1/2-1/2"]
[WhiteElo "2005"]
[BlackElo "1860"]
[PlyCount "68"]
[EventDate "2015.07.20"]
[EventType "swiss"]
[EventRounds "9"]
[EventCountry "ESP"]
[SourceTitle "EXT 2016"]
[Source "ChessBase"]
[SourceDate "2015.10.08"]
[SourceVersion "1"]
[SourceVersionDate "2015.10.08"]
[SourceQuality "1"]

1. e4 Nf6 2. e5 Nd5 3. d4 d6 4. c4 Nb6 5. exd6 exd6 6. Nc3 Nc6 7. Be3 Be7 8. Bd3 0-0 9. b3 Bf6 10. Nge2 Re8 11. 0-0 Bg4 12. Qd2 Bxe2 13. Nxe2 a5 14. Rac1 d5 15. c5 Nc8 16. a3 N8e7 17. Bc2 Qd7 18. Ng3 Ng6 19. Bf5 Qd8 20. Ra1 Bh4 21. b4 axb4 22. axb4 Nce7 23. Bd3 Qd7 24. Qc2 h6 25. Rfe1 Bg5 26. Bxg5 hxg5 27. Nf5 Rxa1 28. Rxa1 Nf4 29. Nxe7+ Qxe7 30. g3 Nxd3 31. Qxd3 c6 32. Qd2 f6 33. f3 Qd7 34. Qd3 Qe6 1/2-1/2

[Event "Cerdanyola del Valles op-A 32th"]
[Site "Cerdanyola del Valles"]
[Date "2014.??.??"]
[Round "1.6"]
[White "Panades Catarineu, Oriol"]
[Black "Brusi Noguera, Ricardo Ll"]
[Result "0-1"]
[WhiteElo "1870"]
[BlackElo "2140"]
[PlyCount "36"]
[EventDate "2014.10.04"]
[EventType "swiss"]
[EventRounds "8"]
[EventCountry "ESP"]
[SourceTitle "EXT 2024"]
[Source "ChessBase"]
[SourceDate "2023.10.10"]
[SourceVersion "1"]
[SourceVersionDate "2023.10.10"]
[SourceQuality "1"]

1. e4 c5 2. Nf3 e6 3. d3 Nc6 4. g3 Nge7 5. Bg2 g6 6. h4 h6 7. 0-0 Bg7 8. c3 0-0 9. Be3 d6 10. d4 cxd4 11. Nxd4 a6 12. Nd2 Qc7 13. a4 Rb8 14. Qe2 Bd7 15. b4 b5 16. axb5 Nxd4 17. cxd4 Bxb5 18. Rfc1 Qxc1+ 0-1

[Event "Llinars del Valles op-A 7th"]
[Site "Llinars del Valles"]
[Date "2013.04.27"]
[Round "3"]
[White "Pinsach Gelabert, Alexandre"]
[Black "Panades Catarineu, Oriol"]
[Result "1-0"]
[WhiteElo "2027"]
[BlackElo "1746"]
[PlyCount "81"]
[EventDate "2013.04.13"]
[EventType "swiss"]
[EventRounds "7"]
[EventCountry "ESP"]
[SourceTitle "EXT 2014"]
[Source "ChessBase"]
[SourceDate "2013.11.20"]
[SourceVersion "1"]
[SourceVersionDate "2013.11.20"]
[SourceQuality "1"]

1. e4 c5 2. Nf3 e6 3. d4 cxd4 4. Nxd4 a6 5. Be2 Qc7 6. 0-0 Nf6 7. Nc3 Nc6 8. Kh1 b5 9. Nxc6 dxc6 10. f4 b4 11. e5 bxc3 12. exf6 gxf6 13. Qd3 Bg7 14. Qxc3 0-0 15. Rf3 Kh8 16. Rg3 Rg8 17. Be3 e5 18. Rf1 Be6 19. Bc4 Qd7 20. Bxe6 Qxe6 21. fxe5 fxe5 22. Qb3 Qxb3 23. axb3 Rgd8 24. h4 Rd7 25. Rg4 f6 26. Ra4 Rd5 27. Rfa1 a5 28. b4 Rad8 29. bxa5 Ra8 30. a6 c5 31. Ra5 Bf8 32. b4 Rd6 33. Bxc5 Rdd8 34. Bxf8 Rxf8 35. a7 Rf7 36. b5 e4 37. b6 Kg8 38. c4 Kf8 39. c5 Rb7 40. Ra6 Ke8 41. c6 1-0

[Event "Cerdanyola del Valles op 31st"]
[Site "Cerdanyola del Valles"]
[Date "2013.??.??"]
[Round "7"]
[White "Garcia Acosta, Roger"]
[Black "Panades Catarineu, Oriol"]
[Result "1-0"]
[WhiteElo "2031"]
[BlackElo "1834"]
[PlyCount "63"]
[EventDate "2013.10.05"]
[EventType "swiss"]
[EventRounds "8"]
[EventCountry "ESP"]
[SourceTitle "CBM 157 Extra"]
[Source "ChessBase"]
[SourceDate "2013.12.19"]
[SourceVersion "1"]
[SourceVersionDate "2013.12.19"]
[SourceQuality "1"]

1. e4 Nf6 2. e5 Nd5 3. d4 d6 4. c4 Nb6 5. exd6 cxd6 6. Bf4 g6 7. Nf3 Bg7 8. Nc3 Bg4 9. Be2 Nc6 10. 0-0 0-0 11. c5 dxc5 12. dxc5 Qxd1 13. Raxd1 Nd7 14. Be3 Rac8 15. Nd5 Nf6 16. b3 Nxd5 17. Rxd5 Ne5 18. Rfd1 Nxf3+ 19. Bxf3 Bxf3 20. gxf3 e5 21. Rd7 Rb8 22. c6 bxc6 23. Bxa7 Rb5 24. b4 f5 25. Bc5 Rc8 26. Rd8+ Rxd8 27. Rxd8+ Kf7 28. a4 Rb7 29. a5 Bf6 30. Rf8+ Kg7 31. a6 Rd7 32. Rb8 1-0

[Event "ESP-ch U14"]
[Site "Salobrena"]
[Date "2012.07.09"]
[Round "2"]
[White "Panades Catarineu, Oriol"]
[Black "Salagran Ferragut, Guillem"]
[Result "0-1"]
[WhiteElo "1679"]
[BlackElo "1899"]
[PlyCount "68"]
[EventDate "2012.07.09"]
[EventType "swiss"]
[EventRounds "9"]
[EventCountry "ESP"]
[SourceTitle "EXT 2014"]
[Source "ChessBase"]
[SourceDate "2013.11.20"]
[SourceVersion "1"]
[SourceVersionDate "2013.11.20"]
[SourceQuality "1"]

1. e4 d6 2. d4 g6 3. Nc3 a6 4. Nf3 Bg7 5. Bc4 b5 6. Bd3 Nd7 7. d5 Nc5 8. a3 Bg4 9. 0-0 Nf6 10. h3 Bxf3 11. Qxf3 Nfd7 12. Bf4 0-0 13. Qe3 Ne5 14. Rad1 Ncd7 15. Bh6 Nb6 16. b3 c5 17. dxc6 Nxc6 18. Bxg7 Kxg7 19. Nd5 Nxd5 20. exd5 Ne5 21. f4 Nd7 22. c4 bxc4 23. Bxc4 Re8 24. f5 Ne5 25. fxg6 hxg6 26. Rc1 Qd7 27. Qe2 Rh8 28. Rc3 Rh5 29. Bxa6 Qa7+ 30. Re3 Qxa6 31. Qf2 Rf5 32. Qe1 Rxf1+ 33. Qxf1 Qxf1+ 34. Kxf1 Rxa3 0-1

[Event "Cerdanyola del Valles op-A 29th"]
[Site "Cerdanyola del Valles"]
[Date "2011.10.08"]
[Round "2"]
[White "Corrales Adamuz, Cristian"]
[Black "Panades Catarineu, Oriol"]
[Result "1-0"]
[WhiteElo "1862"]
[BlackElo "1535"]
[PlyCount "65"]
[EventDate "2011.10.01"]
[EventType "swiss"]
[EventRounds "8"]
[EventCountry "ESP"]
[SourceTitle "EXT 2013"]
[Source "ChessBase"]
[SourceDate "2012.11.22"]
[SourceVersion "1"]
[SourceVersionDate "2012.11.22"]
[SourceQuality "1"]

1. c4 e5 2. Nc3 Nf6 3. g3 Bc5 4. Bg2 0-0 5. e3 Re8 6. Nge2 Nc6 7. 0-0 d6 8. b3 Bd7 9. d4 Bb6 10. a3 a5 11. Bb2 Qc8 12. Re1 Bh3 13. Nd5 Nxd5 14. Bxd5 Qf5 15. Qb1 Qxb1 16. Raxb1 Nd8 17. b4 Bf5 18. Ra1 c6 19. Bg2 f6 20. c5 Bc7 21. e4 Bg6 22. d5 Bh5 23. Nc3 Nf7 24. f3 Ng5 25. g4 dxc5 26. bxc5 Bg6 27. h4 Nxe4 28. fxe4 cxd5 29. exd5 Rab8 30. d6 Bd8 31. Bd5+ Bf7 32. a4 Rc8 33. d7 1-0

[Event "Barcelona Torxa op 4th"]
[Site "Barcelona"]
[Date "2011.09.09"]
[Round "7.10"]
[White "De Blois Afanasiyadi, Natasha"]
[Black "Panades Catarineu, Oriol"]
[Result "0-1"]
[WhiteElo "1823"]
[BlackElo "1898"]
[PlyCount "74"]
[EventDate "2011.09.01"]
[EventType "swiss"]
[EventRounds "7"]
[EventCountry "ESP"]
[SourceTitle "EXT 2024"]
[Source "ChessBase"]
[SourceDate "2023.10.10"]
[SourceVersion "1"]
[SourceVersionDate "2023.10.10"]
[SourceQuality "1"]

1. e4 c5 2. Nf3 e6 3. d4 cxd4 4. Nxd4 a6 5. Bd3 Qc7 6. 0-0 Nc6 7. Nxc6 bxc6 8. c3 d5 9. exd5 cxd5 10. Be3 Nf6 11. Nd2 Bd6 12. Nf3 e5 13. Qa4+ Bd7 14. Qh4 e4 15. Rae1 Be7 16. Bf4 Qd8 17. Nd2 exd3 18. Bd6 Be6 19. Bxe7 Qxe7 20. Qa4+ Qd7 21. b3 Qxa4 22. bxa4 0-0 23. Re3 Bf5 24. Rf3 Be4 25. Nxe4 dxe4 26. Re3 Rfd8 27. Rd1 Rac8 28. Rg3 Nd5 29. Rg4 Nxc3 30. Rd2 Nb1 31. Rd1 d2 32. h3 Rc1 33. Rxc1 dxc1Q+ 34. Kh2 Qc7+ 35. g3 e3 36. fxe3 Qc2+ 37. Kh1 Rd1# 0-1

[Event "Barcelona Torxa op 4th"]
[Site "Barcelona"]
[Date "2011.09.05"]
[Round "3.7"]
[White "Nadal Fajardo, Ricard"]
[Black "Panades Catarineu, Oriol"]
[Result "0-1"]
[WhiteElo "1775"]
[BlackElo "1898"]
[PlyCount "148"]
[EventDate "2011.09.01"]
[EventType "swiss"]
[EventRounds "7"]
[EventCountry "ESP"]
[SourceTitle "EXT 2024"]
[Source "ChessBase"]
[SourceDate "2023.10.10"]
[SourceVersion "1"]
[SourceVersionDate "2023.10.10"]
[SourceQuality "1"]

1. e4 c5 2. Nf3 e6 3. d4 cxd4 4. Nxd4 a6 5. Nc3 Qc7 6. Bd3 Nc6 7. Nxc6 bxc6 8. a3 d5 9. exd5 cxd5 10. Qe2 Nf6 11. 0-0 Bd6 12. h3 0-0 13. Na2 Bb7 14. Bg5 Be7 15. Nb4 a5 16. Na2 h6 17. Bh4 Rfc8 18. c3 Qb6 19. Bc2 Ba6 20. Bd3 Bxd3 21. Qxd3 Qxb2 22. Rfb1 Qxa3 23. Qc2 Qc5 24. Rc1 Qc4 25. Bg3 d4 26. Qd2 dxc3 27. Rxc3 Qd5 28. Rd3 Qb5 29. Nc3 Qb4 30. Be5 a4 31. Qa2 a3 32. Rb1 Qc4 33. Rd2 Qxa2 34. Rxa2 Nd7 35. Bd4 Rc4 36. Ne2 Rac8 37. Rba1 Rc2 38. Kf1 Rxa2 39. Rxa2 Nf6 40. f3 Nd5 41. Ng3 Nc3 42. Bxc3 Rxc3 43. Ne4 Rb3 44. Ke1 Rb1+ 45. Kd2 Rb2+ 46. Rxb2 axb2 47. Kc2 Bf6 48. Nxf6+ gxf6 49. Kxb2 Kg7 50. Kc2 Kg6 51. Kd3 Kf5 52. Ke3 Kg5 53. g3 h5 54. f4+ Kf5 55. Kf3 Kg6 56. Ke4 Kh6 57. Kf3 Kg7 58. Ke4 Kg6 59. Ke3 f5 60. h4 Kf6 61. Kd4 Ke7 62. Kc5 Kd7 63. Kc4 Kc6 64. Kd3 Kd5 65. Ke3 Kc4 66. Kd2 Kd4 67. Ke2 Ke4 68. Kf2 f6 69. Ke2 e5 70. fxe5 fxe5 71. Kf2 Kd3 72. Kf3 e4+ 73. Kf2 Kd2 74. Kg2 e3 0-1